<?xml version='1.0' encoding='UTF-8'?>
  <record xmlns="http://www.loc.gov/MARC21/slim">
    <leader>00000cam a2200000 i 4500</leader>
    <controlfield tag="001">ocn914257409</controlfield>
    <controlfield tag="003">OCoLC</controlfield>
    <controlfield tag="005">20250111014353.8</controlfield>
    <controlfield tag="008">880620s1705    ne            000 0 dut d</controlfield>
    <datafield tag="040" ind1=" " ind2=" ">
      <subfield code="a">NLGGC</subfield>
      <subfield code="b">dut</subfield>
      <subfield code="e">fobidrtb</subfield>
      <subfield code="c">NLGGC</subfield>
      <subfield code="d">OCLCO</subfield>
      <subfield code="d">QGE</subfield>
      <subfield code="d">OCLCA</subfield>
      <subfield code="d">OCLCL</subfield>
      <subfield code="d">OCLCQ</subfield>
    </datafield>
    <datafield tag="029" ind1="0" ind2=" ">
      <subfield code="a">NLGGC</subfield>
      <subfield code="b">047241209</subfield>
    </datafield>
    <datafield tag="035" ind1=" " ind2=" ">
      <subfield code="a">(OCoLC)914257409</subfield>
    </datafield>
    <datafield tag="041" ind1="1" ind2=" ">
      <subfield code="a">dut</subfield>
      <subfield code="k">fre</subfield>
      <subfield code="h">eng</subfield>
    </datafield>
    <datafield tag="072" ind1=" " ind2="7">
      <subfield code="a">b</subfield>
      <subfield code="2">odfysin</subfield>
    </datafield>
    <datafield tag="072" ind1=" " ind2="7">
      <subfield code="a">f</subfield>
      <subfield code="2">odfysin</subfield>
    </datafield>
    <datafield tag="072" ind1=" " ind2="7">
      <subfield code="a">i</subfield>
      <subfield code="2">odfysin</subfield>
    </datafield>
    <datafield tag="072" ind1=" " ind2="7">
      <subfield code="a">x</subfield>
      <subfield code="2">odfysin</subfield>
    </datafield>
    <datafield tag="084" ind1=" " ind2=" ">
      <subfield code="a">74.21</subfield>
      <subfield code="2">bcl</subfield>
    </datafield>
    <datafield tag="100" ind1="1" ind2=" ">
      <subfield code="a">Psalmanazar, George,</subfield>
      <subfield code="d">ca. 1679-1763.</subfield>
      <subfield code="1">https://id.oclc.org/worldcat/entity/E39PBJyrPQmTRPT3JghY43wHmd</subfield>
    </datafield>
    <datafield tag="245" ind1="1" ind2="0">
      <subfield code="a">Beschryvinge van het eyland Formosa in Asia, en der regering, wetten zeden, en godsdiemst der inwoonders /</subfield>
      <subfield code="c">uit de gedenkschriften van den hr. Georgius Psalmanaazaar ... t'zamengestelt. Mitsgaders een breet, en net verhaal zijner reizen door verscheide landen van Europa ... Door d'hr. N.F.D.B.R. ; Met kopere platen verciert. ; Uit het Frans vertaalt.</subfield>
    </datafield>
    <datafield tag="260" ind1=" " ind2=" ">
      <subfield code="a">Te Rotterdam, :</subfield>
      <subfield code="b">by Pieter vander Veer ...,</subfield>
      <subfield code="c">1705.</subfield>
    </datafield>
    <datafield tag="300" ind1=" " ind2=" ">
      <subfield code="a">[LX], 494, [30] pagina's. :</subfield>
      <subfield code="b">gegraveerde uitslaande kaarten en platen. ;</subfield>
      <subfield code="c">in-12.</subfield>
    </datafield>
    <datafield tag="336" ind1=" " ind2=" ">
      <subfield code="a">tekst</subfield>
      <subfield code="b">txt</subfield>
      <subfield code="2">rdacontent/dut</subfield>
    </datafield>
    <datafield tag="337" ind1=" " ind2=" ">
      <subfield code="a">zonder medium</subfield>
      <subfield code="b">n</subfield>
      <subfield code="2">rdamedia/dut</subfield>
    </datafield>
    <datafield tag="338" ind1=" " ind2=" ">
      <subfield code="a">band</subfield>
      <subfield code="b">nc</subfield>
      <subfield code="2">rdacarrier/dut</subfield>
    </datafield>
    <datafield tag="340" ind1=" " ind2=" ">
      <subfield code="a">papier</subfield>
      <subfield code="m">in-12</subfield>
    </datafield>
    <datafield tag="500" ind1=" " ind2=" ">
      <subfield code="a">[pi]  *-2* 12  3* 6 (-3*6)  A-X 12  Y 10.</subfield>
    </datafield>
    <datafield tag="500" ind1=" " ind2=" ">
      <subfield code="a">N.F.D.B.R. is  "George Psalmanazar" zelf.</subfield>
    </datafield>
    <datafield tag="504" ind1=" " ind2=" ">
      <subfield code="a">Bevat ook fondslijst.</subfield>
    </datafield>
    <datafield tag="520" ind1="2" ind2=" ">
      <subfield code="a">Leugenliteratuur: de schrijver, wiens ware identiteit nooit bewezen is, was een protestants geworden Fransman die de Engelsen wilde laten geloven dat hij van het eiland Formosa kwam.</subfield>
      <subfield code="c">NL-ZmNBD.</subfield>
    </datafield>
    <datafield tag="530" ind1=" " ind2=" ">
      <subfield code="a">Titel is geselecteerd voor digitalisering voor de Universiteit van Amsterdam in het kader van het Google Books-project.</subfield>
    </datafield>
    <datafield tag="650" ind1="1" ind2="7">
      <subfield code="a">Etnografie.</subfield>
      <subfield code="2">gtt</subfield>
      <subfield code="0">(NL-LeOCL)078947898</subfield>
    </datafield>
    <datafield tag="651" ind1=" " ind2="7">
      <subfield code="a">Taiwan.</subfield>
      <subfield code="2">gtt</subfield>
      <subfield code="0">(NL-LeOCL)078684161</subfield>
    </datafield>
    <datafield tag="700" ind1="1" ind2=" ">
      <subfield code="a">N.F.D.B.R.</subfield>
    </datafield>
    <datafield tag="710" ind1="1" ind2=" ">
      <subfield code="a">Veer, Pieter van der (Rotterdam)</subfield>
      <subfield code="4">prt</subfield>
      <subfield code="0">(NL-LeOCL)077151739</subfield>
    </datafield>
    <datafield tag="752" ind1=" " ind2=" ">
      <subfield code="a">Nederland</subfield>
      <subfield code="b">Zuid-Holland</subfield>
      <subfield code="d">Rotterdam</subfield>
      <subfield code="e">plaats van uitgave</subfield>
      <subfield code="4">pup</subfield>
    </datafield>
    <datafield tag="776" ind1="0" ind2=" ">
      <subfield code="t">Beschryvinge van het eyland Formosa in Asia ...</subfield>
      <subfield code="w">(NL-LeOCL)406924198</subfield>
    </datafield>
    <datafield tag="787" ind1="1" ind2="8">
      <subfield code="i">Oorsponkelijke titel:</subfield>
      <subfield code="t">An historical and geographical description of Formosa, an island subject to the Emperor of Japan.</subfield>
      <subfield code="d">London : Dan. Brown [etc.], 1704</subfield>
    </datafield>
    <datafield tag="936" ind1=" " ind2=" ">
      <subfield code="a">BATCHLOAD</subfield>
    </datafield>
  </record>